000 02911 a2200325 4500
003 NALT
005 20250721094726.0
008 250612b th ||||| |||| 00| 0 tha d
020 _a9786162627736
040 _aNALT
050 _aQA 76.76.H94
_bพ527 2566
245 1 0 _aพัฒนาเว็บไซต์สมัยใหม่ด้วย HTML5 CSS+JavaScript+Bootstrap /
_cกองบรรณาธิการ, ปิยะ นากสงค์ ... [และคนอื่นๆ].
250 _aพิมพ์ครั้งที่ 1.
260 _aกรุงเทพฯ :
_bรีไวว่า,
_c2566.
300 _a450 หน้า :
_bภาพประกอบ ;
_c21 ซม.
505 2 _aChapter 1 เริ่มต้นกับการสร้างเว็บเพจ -- Chapter 2 เริ่มต้นกับ HTML5 -- Chapter 3 การใส่เนื้อหาบนหน้าเว็บ -- Chapter 4 เชื่อมโยงเว็บเพจด้วยลิงก์ (Link) -- Chapter 5 ตารางและภาพกราฟิก -- Chapter 6 การสร้างแบบฟอร์ม -- Chapter 7 จัดวางโครงสร้างเนื้อหา -- Chapter 8 การใช้งานไฟล์วิดีโอและเสียง -- Chapter 9 พื้นฐาน CSS และการเลือกเอลิเมนต์ -- Chapter 10 ปรับแต่งข้อความและจัดวางเลย์เอาต์ด้วย CSS -- Chapter 11 ปรับแต่งฟอร์มด้วย CSS -- Chapter 12 ทบทวนพื้นฐาน JavaScript -- Chapter 13 การใช้ JavaScript เพิ่มเติม -- Chapter 14 การใช้งาน Canvas -- Chapter 15 การใช้งาน Drag and Drop -- Chapter 16 พื้นฐานการใช้งาน Bootstrap 5.x.
650 4 _aHTML (ภาษาคอมพิวเตอร์)
_966324
650 4 _aเอชทีเอ็มแอล (ภาษาคอมพิวเตอร์)
_932465
650 4 _aจาวาสคริปต์ (ภาษาคอมพิวเตอร์)
_918398
650 0 _aซีเอสเอส (ภาษาคอมพิวเตอร์)
_966325
650 4 _aบูทสแตร็ป (โปรแกรมคอมพิวเตอร์)
_966326
650 4 _aการพัฒนาเว็บไซต์
_912319
650 4 _aเว็บไซต์
_xการออกแบบ
_912318
700 0 _aปิยะ นากสงค์.
_936692
710 2 _aกองบรรณาธิการ.
_97346
942 _cGB
_2lcc
996 _ajidapa.t
_bACQSTF
_c2025-06-12
996 _avaree.k
_bLIBSTF
_c2025-06-26
996 _ajamriang.p
_bCATSTF
_c2025-07-21
999 _c106850
_d106850
998 _j1020
_k นางจำเรียง ระวังสำโรง